[Event "4NCL Team Rapid"]
[Site "Newport Pagnell ENG"]
[Date "2010.10.09"]
[Round "5"]
[White "Arkell,K"]
[Black "Cox,JohnJ"]
[Result "1/2-1/2"]
[WhiteElo "2439"]
[BlackElo "2398"]

1.d4 Nf6 2.Nf3 d5 3.c4 c6 4.Nc3 dxc4 5.a4 Bf5 6.Nh4 Bg4 7.h3 Bh5 8.g4 Bg6
9.Nxg6 hxg6 10.e3 e6 11.Bxc4 Bb4 12.Kf1 Nbd7 13.Kg2 Qe7 14.a5 O-O 15.h4 e5
16.g5 Nh5 17.d5 e4 18.a6 Nb6 19.axb7 Qxb7 20.dxc6 Qxc6 21.Bd5 Nxd5 22.Qxd5 Qc8
23.Qxe4 Bxc3 24.bxc3 Qxc3 25.Ra3 Qc5 26.Ra6 Rfe8 27.Qc6 Qf5 28.Qf3 Qb5 29.Qc6 Qf5
30.Qf3 Qb5 31.Qc6  1/2-1/2

[Event "TCh-SWE Elitserien 2010-11"]
[Site "Sweden SWE"]
[Date "2010.10.09"]
[Round "2"]
[White "Borvander,T"]
[Black "Bergstrom,P"]
[Result "1/2-1/2"]
[WhiteElo "2177"]
[BlackElo "2306"]

1.d4 d5 2.c4 c6 3.Nf3 Nf6 4.Nc3 dxc4 5.a4 Bf5 6.e3 e6 7.Bxc4 Bb4 8.O-O O-O
9.Qe2 Bg6 10.Ne5 Nbd7 11.Nxg6 hxg6 12.Rd1 Re8 13.e4 Qa5 14.e5 Bxc3 15.bxc3 Nd5
16.Bd2 Qc7 17.Bd3 c5 18.Rdc1 Rac8 19.h4 cxd4 20.cxd4 Qb6 21.Qe4 Rxc1+ 22.Rxc1 Nf8
23.Bc4 Rc8 24.Rb1 Qc6 25.Bb5 Qc2 26.Qe1 Qa2 27.Rc1 Rc2 28.Rxc2 Qxc2 29.a5 Qb2
30.Bd3 Qxd4 31.Qe4 Qxe4 32.Bxe4 Nd7 33.f4 Nc5 34.Bc2 b6 35.axb6 axb6 36.Kf2 Kf8
37.g4 Ke7 38.Kf3 Kd7 39.f5 gxf5 40.gxf5 exf5 41.Bxf5+ Ke7 42.h5 b5 43.Bg5+ Kf8
44.Bh4 b4 45.Bf2 Ne6 46.Bc2 Ndf4 47.Kg4 Ne2 48.Be1 Nc3 49.Bf2 Ke8 50.h6 gxh6
51.Kh5 Ne2 52.Kxh6 N2d4 53.Bb1 b3 54.Be3 Nf3 55.Bd3 Nxe5 56.Bb5+ Kf8 57.Bc1 Nd4
58.Ba3+ Kg8 59.Ba6 Ndc6 60.Bb5 Na5 61.Bb2 Nac4 62.Ba4 Nxb2 63.Bxb3 Nbc4 64.Ba2 f6
65.Bxc4+  1/2-1/2

[Event "TCh-ISL Div 1 2010-11"]
[Site "Reykjavik ISL"]
[Date "2010.10.10"]
[Round "4.4"]
[White "Traustason,I"]
[Black "Halldorsson,Br"]
[Result "0-1"]
[WhiteElo "1808"]
[BlackElo "2205"]

1.d4 c6 2.c4 d5 3.Nc3 dxc4 4.a4 Nf6 5.Nf3 Bf5 6.e3 Na6 7.Bxc4 Nb4 8.O-O e6
9.Qe2 Nbd5 10.Rd1 Bd6 11.Ne5 Qc7 12.Nf3 h6 13.h3 g5 14.Nd2 Bb4 15.e4 Nf4
16.Qe3 Bg6 17.d5 exd5 18.exd5+ Kf8 19.dxc6 Kg7 20.cxb7 Rae8 21.Qf3 Bh5 22.g4 Nxh3+
23.Qxh3 Bxg4 24.Qh2 Bd6 25.Qg2 Bxd1 26.Bf1 Bc2 27.Nc4 Bf4 28.Ne2 Qxc4  0-1

[Event "TCh-CHN"]
[Site "Guangzhou CHN"]
[Date "2010.10.14"]
[Round "14"]
[White "Shen Yang"]
[Black "Xu Ruoying"]
[Result "1-0"]
[WhiteElo "2444"]
[BlackElo "2028"]

1.d4 d5 2.Nf3 Nf6 3.c4 c6 4.Nc3 dxc4 5.a4 Bf5 6.Ne5 Nbd7 7.Nxc4 Nb6 8.Ne5 a5
9.g3 e6 10.Bg2 Bb4 11.O-O O-O 12.e3 Nfd7 13.Nd3 Bxd3 14.Qxd3 e5 15.Ne2 exd4
16.Nxd4 Ne5 17.Qe2 Qf6 18.b3 Bc3 19.Rb1 Rad8 20.Ba3 Rfe8 21.Rbd1 Nd5 22.Nb5 Bb4
23.Bb2 Qe7 24.Bxd5 cxd5 25.Rc1 Nc6 26.Rfd1 f6 27.Bd4 Rd7 28.Qh5 Qe4 29.Bb6 g6
30.Qe2 h5 31.Nd4 Nxd4 32.Rxd4 Qf5 33.Qb5 Re4 34.h4 Rxd4 35.Bxd4 Re7 36.Qb6 Rd7
37.Qb5 Re7 38.Qb6 Rd7 39.Qb5 Re7 40.Qb6 Rf7 41.Qd8+  1-0

[Event "TCh-CHN"]
[Site "Guangzhou CHN"]
[Date "2010.10.15"]
[Round "15"]
[White "Guo Qi"]
[Black "Wang Yu A"]
[Result "1/2-1/2"]
[WhiteElo "2143"]
[BlackElo "2335"]

1.d4 d5 2.c4 c6 3.Nf3 Nf6 4.Nc3 dxc4 5.a4 Bf5 6.e3 Na6 7.Ne5 Nb4 8.Bxc4 e6
9.O-O Bd6 10.Qe2 Nc2 11.Rb1 Nd5 12.Bd3 Ncb4 13.Bxf5 exf5 14.Qf3 Bxe5 15.dxe5 Qd7
16.e4 fxe4 17.Nxe4 O-O 18.Bg5 Qe6 19.Qg3 Qg6 20.Nd6 h6 21.Bd2 Qxg3 22.hxg3 b6
23.Bxb4 Nxb4 24.f4 Rfd8 25.Rfd1 Rd7 26.a5 Rad8 27.axb6 axb6 28.Ra1 Kf8 29.Ra4 c5
30.Re1 h5 31.Kh2 Kg8 32.Rd1 Kf8 33.Re1 Kg8 34.Rd1 Kf8 35.Re1 Kg8  1/2-1/2

[Event "TCh-CHN"]
[Site "Guangzhou CHN"]
[Date "2010.10.15"]
[Round "15"]
[White "Li Haoyu"]
[Black "Yu Ruiyuan"]
[Result "1/2-1/2"]
[WhiteElo "2369"]
[BlackElo "2309"]

1.d4 d5 2.Nf3 Nf6 3.c4 c6 4.Nc3 dxc4 5.a4 Bf5 6.Ne5 Nbd7 7.Nxc4 Nb6 8.Ne5 a5
9.e3 g6 10.Bd3 Bxd3 11.Nxd3 Nbd5 12.Qb3 Qb6 13.Qxb6 Nxb6 14.Ke2 Bg7 15.b3 Nfd7
16.Ne4 O-O 17.f4 Rfe8 18.Bd2 Nc8 19.Rac1 Ra7 20.g4 Nd6 21.Ng3 e6 22.g5 h6
23.gxh6 Bxh6 24.h4 f6 25.Nc5 Nxc5 26.Rxc5 Rea8 27.e4 Kf7 28.h5 Rg8 29.Rh3 g5
30.fxg5 Bxg5 31.Bxg5 Rxg5 32.Rxg5 fxg5 33.h6 Ra8 34.h7 Kg7 35.e5 Nf7 36.Ne4 Rh8
37.Nf6 c5 38.Ke3 Rd8 39.dxc5 Nxe5 40.Rh5 Nf7 41.Ne4 Kg6 42.Rh1 Rh8 43.Nd6 Nd8
44.Ne4 Rxh7 45.Rxh7 Kxh7 46.Nxg5+ Kg6 47.Ne4 Kf5 48.Nd6+ Ke5 49.Nc4+ Kd5
50.Nxa5 Kxc5 51.Nc4 Kb4 52.Nd6  1/2-1/2

[Event "32nd Open"]
[Site "Arco ITA"]
[Date "2010.10.17"]
[Round "2"]
[White "Maurer,F"]
[Black "Schaberg,W"]
[Result "1-0"]
[WhiteElo "2156"]
[BlackElo "1941"]

1.d4 d5 2.c4 c6 3.Nf3 Nf6 4.Nc3 dxc4 5.a4 Bf5 6.e3 e6 7.Bxc4 Bb4 8.O-O Nbd7
9.Qe2 O-O 10.e4 Bg6 11.Bd3 Re8 12.Bf4 Nh5 13.Bg5 Be7 14.Be3 c5 15.Rfd1 cxd4
16.Nxd4 a6 17.Rac1 Bg5 18.Bc4 Bxe3 19.Qxe3 Qe7 20.Nf3 h6 21.e5 f5 22.Rd6 Bf7
23.Nd4 Nf8 24.Rd1 Red8 25.Nf3 g5 26.Qb6 Rxd6 27.exd6 Qd7 28.Ne5  1-0

[Event "Lichtenrader Herbst"]
[Site "Berlin GER"]
[Date "2010.10.19"]
[Round "4"]
[White "Dimitrijeski,K"]
[Black "Schmidt,Juerg"]
[Result "1-0"]
[WhiteElo "2192"]
[BlackElo "2034"]

1.d4 d5 2.c4 c6 3.Nf3 Nf6 4.Nc3 dxc4 5.a4 Bf5 6.e3 e6 7.Bxc4 Nbd7 8.O-O Bd6
9.Re1 Ne4 10.Qb3 Nb6 11.Nxe4 Bxe4 12.Nd2 Bg6 13.a5 Nxc4 14.Nxc4 Qc7 15.Nxd6+ Qxd6
16.Qxb7 O-O 17.Qb3 Rfb8 18.Qc3 Rb5 19.Bd2 Rab8 20.b4 Rxb4 21.Qa3 c5 22.Bxb4 cxb4
23.Qb3 Be4 24.Rec1 h6 25.Rc5 Bd5 26.Qb2 e5 27.Rac1 Bb7 28.Rxe5 Qg6 29.f4 b3
30.Rb5 Kh7 31.d5 Qe4 32.Rxb3 Bxd5 33.Rxb8 Qxe3+ 34.Kh1 Bxg2+ 35.Kxg2 Qe4+
36.Kf2 Qxf4+ 37.Ke2 Qxh2+ 38.Kd1 Qh5+ 39.Kc2 Qf5+ 40.Kb3 Qxa5  1-0

[Event "Chigorin Mem Classic Open"]
[Site "St Petersburg RUS"]
[Date "2010.10.28"]
[Round "1"]
[White "Popov,Val"]
[Black "Malygin,Ar"]
[Result "1-0"]
[WhiteElo "2559"]
[BlackElo "2199"]

1.d4 d5 2.c4 c6 3.Nf3 Nf6 4.Nc3 dxc4 5.a4 Bf5 6.Ne5 e6 7.f3 Bb4 8.e4 Bxe4
9.fxe4 Nxe4 10.Bd2 Qxd4 11.Nxe4 Qxe4+ 12.Qe2 Bxd2+ 13.Kxd2 Qd5+ 14.Kc3 O-O
15.Qe3 b5 16.Be2 Nd7 17.Nxd7 Qxd7 18.Kc2 Qe7 19.Bf3 Rab8 20.Rhd1 c5 21.Qe5 bxa4
22.Rxa4 Rb4 23.Rda1 Rd8 24.Rxa7 Qh4 25.Ra8 Qf2+ 26.Be2 Qh4 27.R1a7 c3 28.bxc3 h6
29.Rxd8+  1-0

[Event "Chigorin Mem Classic Open"]
[Site "St Petersburg RUS"]
[Date "2010.10.30"]
[Round "3"]
[White "Adamson,G"]
[Black "Sivertsen,Aage"]
[Result "1/2-1/2"]
[WhiteElo "2075"]
[BlackElo "1837"]

1.d4 d5 2.Nf3 Nf6 3.c4 c6 4.Nc3 dxc4 5.a4 Bf5 6.Nh4 Bg6 7.Nxg6 hxg6 8.e4 e6
9.Bxc4 Bb4 10.f3 Qc7 11.e5 Nd5 12.Bd2 Qe7 13.g3 a5 14.Kf2 Na6 15.Ne4 O-O
16.h4 f6 17.f4 Rad8 18.exf6 Nxf6 19.Nxf6+ Qxf6 20.Be3 Nc7 21.Qc2 Nd5 22.Rad1 e5
23.dxe5 Qxe5 24.Bd4 Rxf4+ 25.gxf4 Qxf4+ 26.Kg1 Qg4+ 27.Kf1 Qf3+ 28.Kg1 Qg4+
29.Kf1  1/2-1/2

[Event "Chigorin Mem Classic Open"]
[Site "St Petersburg RUS"]
[Date "2010.10.30"]
[Round "3"]
[White "Kanter,E"]
[Black "Chadaev,N"]
[Result "1/2-1/2"]
[WhiteElo "2414"]
[BlackElo "2574"]

1.d4 Nf6 2.c4 c6 3.Nc3 d5 4.Nf3 dxc4 5.a4 Bf5 6.Nh4 e6 7.Nxf5 exf5 8.Bg5 Nbd7
9.e3 Qa5 10.Bxf6 Nxf6 11.Bxc4 Bb4 12.Qb3 O-O 13.O-O Rab8 14.Rfd1 Bd6 15.g3 a6
16.Bf1 Rfe8 17.Bg2 Re7 18.Qc4 h5 19.Rab1 Qc7 20.b4 g6 21.d5 cxd5  1/2-1/2

[Event "Chigorin Mem Classic Open"]
[Site "St Petersburg RUS"]
[Date "2010.10.30"]
[Round "3"]
[White "Bogdanovich,S"]
[Black "Andriasian,Z"]
[Result "0-1"]
[WhiteElo "2464"]
[BlackElo "2579"]

1.d4 d5 2.c4 c6 3.Nc3 Nf6 4.Nf3 dxc4 5.a4 Bf5 6.Nh4 e6 7.Nxf5 exf5 8.e3 Bb4
9.Bxc4 O-O 10.O-O Nbd7 11.Qc2 g6 12.b3 Nb6 13.Bb2 Nbd5 14.g3 h5 15.Rac1 Qe7
16.Be2 Rad8 17.Bf3 Bxc3 18.Bxc3 Ne4 19.Bb2 h4 20.Bg2 Rfe8 21.Rfe1 hxg3 22.hxg3 Qg5
23.Bf3 Kg7 24.Kg2 Re7 25.Rcd1 Qf6 26.Bc1 Qe6 27.Rh1 Ree8 28.Rh2 Rh8 29.Rdh1 Rxh2+
30.Rxh2 Re8 31.Kg1 Ng5 32.Be2 Qc8 33.Bb2 Qb8 34.Bc1 Qd8 35.Kg2 Rh8 36.Rxh8 Qxh8
37.Kg1 Qh3 38.Bb2 Kg8 39.Qd3 Nf6 40.d5 Ng4  0-1

[Event "14th OIBM"]
[Site "Bad Wiessee GER"]
[Date "2010.10.31"]
[Round "3.5"]
[White "Iordachescu,V"]
[Black "Cordts,I"]
[Result "1-0"]
[WhiteElo "2632"]
[BlackElo "2292"]

1.d4 d5 2.c4 c6 3.Nf3 Nf6 4.Nc3 dxc4 5.a4 Bf5 6.Nh4 Bc8 7.e3 e5 8.Bxc4 exd4
9.exd4 Be7 10.O-O O-O 11.Re1 Nd5 12.Nf3 Bg4 13.h3 Bh5 14.Bxd5 cxd5 15.Re5 Bxf3
16.Qxf3 Nc6 17.Rxd5 Qb6 18.a5 Qb3 19.Rb5 Bb4 20.Rxb7 Nxd4 21.Qg4 Rfe8 22.Bh6 g6
23.Qxd4 Bxc3 24.bxc3  1-0

[Event "Chigorin Mem Classic Open"]
[Site "St Petersburg RUS"]
[Date "2010.10.31"]
[Round "4"]
[White "Lafuente,P"]
[Black "Damia,A"]
[Result "1-0"]
[WhiteElo "2565"]
[BlackElo "2287"]

1.d4 d5 2.c4 c6 3.Nf3 Nf6 4.Nc3 dxc4 5.a4 Bf5 6.e3 e6 7.Bxc4 Bb4 8.Ne5 Nbd7
9.Nxd7 Qxd7 10.f3 O-O 11.O-O c5 12.Na2 a5 13.Nxb4 axb4 14.e4 Bg6 15.dxc5 Qc7
16.Be3 b6 17.Qd6 Rfc8 18.Qxc7 Rxc7 19.cxb6 Rxc4 20.b7 Rb8  1-0

[Event "14th OIBM"]
[Site "Bad Wiessee GER"]
[Date "2010.11.01"]
[Round "4.9"]
[White "Kunin,V"]
[Black "Ringoir,T"]
[Result "1/2-1/2"]
[WhiteElo "2538"]
[BlackElo "2379"]

1.d4 d5 2.c4 c6 3.Nf3 Nf6 4.Nc3 dxc4 5.a4 Bf5 6.Ne5 Nbd7 7.Nxc4 Nb6 8.Ne5 a5
9.e3 h6 10.Bd3 Bxd3 11.Nxd3 e6 12.Qb3 Be7 13.O-O O-O 14.Rd1 Nbd5 15.Bd2 Qb6
16.Qxb6 Nxb6 17.b3 Rfd8 18.Rac1 Nbd5 19.Ne2 Nb4 20.Nxb4 axb4 21.Nf4 b5 22.axb5 cxb5
23.Nd3 Ra3 24.Rc7 Rxb3 25.Be1 Nd5 26.Rb7 Rc8 27.Kf1 Bd6 28.Rxb5 Rc2 29.g3 Nc3
30.Bxc3 Rbxc3 31.Rb6 Bf8 32.Nxb4 Bxb4 33.Rxb4 Ra3 34.Kg1 Raa2 35.Rf1 h5 36.h4 Re2
37.Rb5 g6 38.Re5 Kg7 39.Re4 Ra5 40.Rb1 Rf5 41.Rf4 Rxf4 42.gxf4 f5 43.Kg2  1/2-1/2

[Event "XXIII Belgrade Trophy"]
[Site "Obrenovac SRB"]
[Date "2010.11.01"]
[Round "8.4"]
[White "Gleizerov,E"]
[Black "Stojanovic,Da"]
[Result "1/2-1/2"]
[WhiteElo "2572"]
[BlackElo "2496"]

1.d4 d5 2.c4 c6 3.Nf3 Nf6 4.Nc3 dxc4 5.a4 Bf5 6.e3 e6 7.Bxc4 Bb4 8.O-O O-O
9.Nh4 Nbd7 10.Nxf5 exf5 11.Bd2 Nb6 12.Bb3 a5 13.Ne2 Bxd2 14.Qxd2 Qe7 15.Nf4 c5
16.Rfd1 Rfd8 17.Ne2 Ne4 18.Qd3 cxd4 19.Nxd4 g6 20.Qb5 Qc5 21.Rdc1 Qxb5 22.axb5 Rdc8
23.Rxc8+ Rxc8 24.Bc2 Nc5 25.h3 a4 26.Bd1 h5 27.g3 Kf8 28.Kg2  1/2-1/2

[Event "TCh-CHN"]
[Site "Beijing CHN"]
[Date "2010.11.03"]
[Round "17"]
[White "Li Shilong"]
[Black "Yu Ruiyuan"]
[Result "1-0"]
[WhiteElo "2514"]
[BlackElo "2309"]

1.d4 d5 2.c4 c6 3.Nf3 Nf6 4.Nc3 dxc4 5.a4 Bf5 6.Ne5 Nbd7 7.Nxc4 Nb6 8.Ne5 a5
9.Bg5 h6 10.Bh4 Nbd5 11.Qb3 Qb6 12.Qxb6 Nxb6 13.f3 Nfd7 14.Nxd7 Nxd7 15.e4 Bg6
16.O-O-O e5 17.dxe5 Nxe5 18.Nd5 cxd5 19.Bb5+ Nc6 20.exd5 Bb4 21.dxc6 O-O
22.c7 Bc5 23.Rhe1 Rac8 24.Bg3 Bb6 25.Re7 Kh7 26.Rd5  1-0

[Event "Chigorin Mem Classic Open"]
[Site "St Petersburg RUS"]
[Date "2010.11.03"]
[Round "7"]
[White "Goganov,A"]
[Black "Ulanov,A"]
[Result "1/2-1/2"]
[WhiteElo "2478"]
[BlackElo "2353"]

1.d4 d5 2.c4 c6 3.Nf3 Nf6 4.Nc3 dxc4 5.a4 Bf5 6.Ne5 e6 7.f3 Bb4 8.Nxc4 O-O
9.Bg5 h6 10.Bh4 b5 11.Ne5 g5 12.Bf2 Qa5 13.Qd2 c5 14.g4 Bh7 15.h4 Nd5 16.Rc1 f6
17.Nd3 cxd4 18.Bxd4 Nxc3 19.bxc3 Bd6 20.hxg5 hxg5 21.Qa2 Bg3+ 22.Kd2 Re8
23.Bxf6 Nd7 24.Bxg5 b4 25.Be3 bxc3+ 26.Kd1 Ne5 27.Rxh7 Kxh7 28.Qc2 Rad8 29.Rb1 Nc4
30.Bc1 Nb2+ 31.Bxb2 cxb2 32.Qb3 Qe1+ 33.Kc2 Rc8+ 34.Kxb2 Qd2+ 35.Ka1 Rb8
36.Rd1 Rxb3 37.Rxd2 Reb8 38.Ka2 Bd6 39.Rb2 Ra3+ 40.Kb1 Rxa4 41.Rxb8 Bxb8
42.e3 e5  1/2-1/2

[Event "Chigorin Mem Classic Open"]
[Site "St Petersburg RUS"]
[Date "2010.11.04"]
[Round "8"]
[White "Charochkina,D"]
[Black "Ljubivyi,A"]
[Result "1-0"]
[WhiteElo "2303"]
[BlackElo "2083"]

1.d4 d5 2.c4 c6 3.Nc3 Nf6 4.Nf3 dxc4 5.a4 Bf5 6.e3 e6 7.Bxc4 Bb4 8.O-O Nbd7
9.Nh4 Bg6 10.Qb3 a5 11.Nxg6 hxg6 12.h3 Qb6 13.Qc2 O-O 14.Rd1 c5 15.d5 Ne5
16.Ba2 Bxc3 17.Qxc3 Qd6 18.e4 Nxe4 19.Qe1 f5 20.dxe6 Nd3 21.Qe3 Nxc1 22.e7+ Nxa2
23.Rxd6 Rfe8 24.Rd8 Nb4 25.Rxa8 Rxa8 26.Rd1 Nc6 27.Qb3+ Kh7 28.Qxb7  1-0

[Event "Chigorin Mem Classic Open"]
[Site "St Petersburg RUS"]
[Date "2010.11.05"]
[Round "9"]
[White "Gasanov,E"]
[Black "Ulanov,A"]
[Result "1/2-1/2"]
[WhiteElo "2482"]
[BlackElo "2353"]

1.d4 d5 2.c4 c6 3.Nf3 Nf6 4.Nc3 dxc4 5.a4 Bf5 6.e3 e6 7.Bxc4 Bb4 8.Ne5 Nbd7
9.Nxd7 Qxd7 10.O-O O-O 11.Qe2 Bg6 12.f3 c5 13.dxc5 Bxc5 14.Kh1 Qe7 15.e4 Nd7
16.Bf4 Rfd8 17.Rfd1 Rac8 18.Bg3 Nb8 19.Rxd8+  1/2-1/2

[Event "TCh-CZE 2010-11"]
[Site "Frydek Mistek CZE"]
[Date "2010.11.06"]
[Round "1.8"]
[White "Frolik,M"]
[Black "Roubalik,J"]
[Result "1/2-1/2"]
[WhiteElo "2211"]
[BlackElo "2275"]

1.d4 d5 2.c4 c6 3.Nf3 Nf6 4.Nc3 dxc4 5.a4 Bf5 6.e3 e6 7.Bxc4 Bb4 8.O-O O-O
9.Bd3 Bxd3 10.Qxd3 Nbd7 11.Qe2 Qe7 12.e4 e5 13.dxe5 Nxe5 14.Nxe5 Bxc3 15.Nxc6 bxc6
16.bxc3 Qxe4 17.Qxe4 Nxe4 18.c4 Rfd8 19.Be3 a6 20.Rfd1  1/2-1/2

[Event "TCh-CZE 2010-11"]
[Site "Frydek Mistek CZE"]
[Date "2010.11.06"]
[Round "1.4"]
[White "Murdzia,P"]
[Black "Cech,P"]
[Result "1/2-1/2"]
[WhiteElo "2461"]
[BlackElo "2403"]

1.d4 d5 2.c4 c6 3.Nf3 Nf6 4.Nc3 dxc4 5.a4 Bf5 6.Nh4 e6 7.Nxf5 exf5 8.e3 Bd6
9.Bxc4 Qe7 10.Qf3 g6 11.h3 h5 12.Bd2 Nbd7 13.Ba2 Ne4 14.Nxe4 fxe4 15.Qe2 Nf6
16.O-O-O O-O-O 17.f3 Nd5 18.fxe4 Qxe4 19.Bb1 Qe6 20.Qc4 f5 21.e4 fxe4 22.Rhe1 Rhe8
23.Rxe4 Qg8 24.Rf1 Kb8 25.Bd3 Rxe4 26.Bxe4 g5 27.Kb1 Bf4 28.Bxf4+ Nxf4 29.Qxg8 Rxg8
30.h4 Ne2 31.hxg5 Rxg5 32.Rd1 Ng3 33.Bf3 Nf5 34.Rd2 Nh4 35.Bd1 Kc7 36.Ka2 Kd6
37.g3 Nf5 38.Bxh5 Rxg3 39.Bd1 a5 40.Bc2 Ne7 41.b3 Nd5 42.Kb2 Nb4 43.Be4 Re3
44.Bh1 Nd3+ 45.Kc2 Nf4 46.Kb2 Rh3 47.Be4 Rh4 48.Bf3 Rh3 49.Be4 Re3 50.Bh1 Re2
51.Kc2 Re1 52.Bf3 Rf1  1/2-1/2

[Event "14th OIBM"]
[Site "Bad Wiessee GER"]
[Date "2010.11.07"]
[Round "9.12"]
[White "Buhmann,R"]
[Black "Forchert,M"]
[Result "1-0"]
[WhiteElo "2563"]
[BlackElo "2420"]

1.Nf3 d5 2.d4 Nf6 3.c4 c6 4.Nc3 dxc4 5.a4 Bf5 6.Ne5 Na6 7.e3 Nb4 8.Bxc4 e6
9.O-O Be7 10.Qe2 Bc2 11.a5 O-O 12.Na2 Nxa2 13.Qxc2 Nb4 14.Qb3 c5 15.Bd2 Nc6
16.a6 Nxe5 17.axb7 Rb8 18.dxe5 Ng4 19.Bc3 Qc7 20.Bxe6 Rxb7 21.Qd5 Nxe3 22.fxe3 fxe6
23.Qxe6+ Kh8 24.Rf7 Rxf7 25.Qxf7 Qc8 26.Rf1 h6 27.e6 Bf6 28.Rxf6 Rxf7 29.exf7 gxf6
30.Bxf6+ Kh7 31.Be7  1-0

[Event "Russia Cup Final KO"]
[Site "Belgorod RUS"]
[Date "2010.11.07"]
[Round "1.1"]
[White "Zakhartsov,Vi"]
[Black "Chadaev,N"]
[Result "1/2-1/2"]
[WhiteElo "2602"]
[BlackElo "2554"]

1.d4 d5 2.c4 c6 3.Nf3 Nf6 4.Nc3 dxc4 5.a4 Bf5 6.Ne5 Nbd7 7.Nxc4 Nb6 8.Ne5 a5
9.e3 h6 10.f3 e6 11.e4 Bh7 12.Be3 Be7 13.Qb3 Qc7 14.Be2 Nbd7 15.Nd3 O-O 16.O-O Qb6
17.Qc4 e5 18.Kh1 Ne8 19.Nd1 exd4 20.Bxd4 Qc7 21.N1f2 Bf6 22.Ng4 Bxd4 23.Qxd4 Nef6
24.Ndf2 Nxg4 25.Nxg4 Rfe8 26.Rfd1 Ne5 27.Nxe5 Rxe5 28.Bc4 Rae8 29.Qd7 R5e7
30.Qxc7 Rxc7  1/2-1/2

[Event "Russia Cup Final KO"]
[Site "Belgorod RUS"]
[Date "2010.11.08"]
[Round "1.2"]
[White "Papin,V"]
[Black "Sakaev,K"]
[Result "1/2-1/2"]
[WhiteElo "2541"]
[BlackElo "2612"]

1.d4 d5 2.c4 c6 3.Nf3 Nf6 4.Nc3 dxc4 5.a4 Bf5 6.Nh4 Bg4 7.h3 Bh5 8.g4 Bg6
9.Nxg6 hxg6 10.e4 e5 11.Bxc4 exd4 12.e5 Bb4 13.exf6 dxc3 14.Qxd8+ Kxd8 15.O-O gxf6
16.Rd1+ Nd7 17.bxc3 Bc5 18.Kg2 Kc7 19.Bxf7 Ne5 20.Bf4 g5 21.Bg3 Rad8 22.Bb3 Bd6
23.Bc2 Nc4 24.Bb3 Ne5 25.Bc2 Nc4 26.Bb3 Ne5  1/2-1/2

[Event "TCh-SWE Elitserien 2010-11"]
[Site "Sweden SWE"]
[Date "2010.11.13"]
[Round "4"]
[White "Landgren,A"]
[Black "Bergstrom,P"]
[Result "1/2-1/2"]
[WhiteElo "2159"]
[BlackElo "2306"]

1.d4 d5 2.c4 c6 3.Nf3 Nf6 4.Nc3 dxc4 5.a4 Bf5 6.Ne5 Nbd7 7.Nxc4 Nb6 8.Ne5 a5
9.Bg5 h6 10.Bh4 e6 11.e4 Bh7 12.f3 Be7 13.Bf2 Nfd7 14.Nd3 O-O 15.Be2 Kh8
16.O-O Rc8 17.Qb3 Qc7 18.Rac1 Bg8 19.Bg3 Qd8 20.Rfd1 Bg5 21.f4 Bh4 22.Nc5 Rb8
23.e5 Bh7 24.N3e4 Be7 25.Bf3 Nd5 26.Nxd7 Qxd7 27.Nc5 Qc8 28.Be1 Nxf4 29.Bxa5 Nd5
30.Bd2 b6 31.Nd3 Qd7 32.Nb4 Rfc8 33.Nxd5 cxd5 34.Be2 Be4 35.Ba6 Rxc1 36.Rxc1 Qd8
37.Qc3 Bg5 38.Bd3 Bxd3 39.Qxd3 Bxd2 40.Qxd2 Rc8 41.Rc3 Rc4  1/2-1/2

[Event "TCh-NED"]
[Site "Netherlands NED"]
[Date "2010.11.20"]
[Round "3.4"]
[White "Siebrecht,S"]
[Black "Cuijpers,F"]
[Result "1-0"]
[WhiteElo "2421"]
[BlackElo "2465"]

1.d4 d5 2.c4 c6 3.Nf3 Nf6 4.Nc3 dxc4 5.a4 Bf5 6.Nh4 Bc8 7.e3 e5 8.Bxc4 exd4
9.exd4 Bd6 10.O-O O-O 11.h3 Nd5 12.Nf3 Nxc3 13.bxc3 Bf5 14.Re1 Nd7 15.Bg5 Qa5
16.Qb3 Nb6 17.Be7 Bxe7 18.Rxe7 Nxc4 19.Qxc4 Be6 20.Qd3 Rab8 21.Re1 h6 22.R1xe6  1-0

[Event "2nd OCF Thanksgiving Open"]
[Site "Stillwater USA"]
[Date "2010.11.21"]
[Round "5.1"]
[White "Smith,James L"]
[Black "Holt,C"]
[Result "0-1"]
[WhiteElo "2013"]
[BlackElo "2388"]

1.d4 d5 2.c4 c6 3.Nf3 Nf6 4.Nc3 dxc4 5.a4 Bf5 6.Nh4 Bg4 7.h3 Bh5 8.Nf5 Na6
9.Ng3 Bg6 10.e4 Nb4 11.Bxc4 Qxd4 12.Qe2 Nc2+ 13.Qxc2 Qxc4 14.Qe2 Qxe2+ 15.Kxe2 e5
16.Be3 Bb4 17.f3 Nd7 18.Rhd1 f6 19.Na2 Ba5 20.b4 Bb6 21.Nc3 Bxe3 22.Kxe3 a5
23.b5 Ke7 24.Rd2 Nb6 25.Rd3 Rhd8 26.h4 Rxd3+ 27.Kxd3 Rd8+ 28.Kc2 Nc4 29.Nf1 Be8
30.bxc6 Bxc6 31.Kb3 Nd2+ 32.Nxd2 Rxd2 33.Ra2 Rxa2 34.Kxa2 Kd6 35.Kb3 Kc5
36.Ne2 g6 37.g4 b5 38.axb5 Bxb5 39.Nc3 Bc4+ 40.Kc2 Kb4 41.g5 fxg5 42.hxg5 a4
43.Nb1 a3 44.Nd2 Bd3+ 45.Kc1 Kc3 46.Nb1+ Bxb1 47.Kxb1 Kb3 48.Ka1 a2  0-1

[Event "XXVI Governors Cup"]
[Site "Legnica POL"]
[Date "2010.11.25"]
[Round "1"]
[White "Sieciechowicz,M"]
[Black "Bulski,K"]
[Result "1/2-1/2"]
[WhiteElo "2446"]
[BlackElo "2470"]

1.d4 d5 2.c4 c6 3.Nf3 Nf6 4.Nc3 dxc4 5.a4 Bf5 6.Ne5 Nbd7 7.Nxc4 Qc7 8.g3 e5
9.dxe5 Nxe5 10.Bf4 Nfd7 11.Bg2 f6 12.O-O Nc5 13.b4 Ne6 14.Ne3 Bg6 15.b5 Rd8
16.Qb3 Nd4 17.Qb2 Bc5 18.Rac1 Qe7 19.bxc6 bxc6 20.Bxe5 fxe5 21.Bxc6+ Nxc6
22.Qb5 Bxe3 23.Qxc6+ Qd7 24.Qxd7+ Rxd7 25.fxe3 Ke7 26.e4 Ke6 27.Nd5 Bxe4
28.Nc7+ Kd6 29.Na6 Bc6 30.Nc5 Rc7 31.Rfd1+ Ke7 32.a5 Rhc8 33.Nd3 Ba4 34.Rxc7+ Rxc7
35.Ra1 Bb5 36.Rb1 a6 37.Kf2 Rc2 38.Ke3 Ke6 39.Rb4 Ra2 40.Rh4 h6 41.Rg4 g5
42.Re4 Bxd3 43.exd3 Rxh2 44.Rb4 h5 45.Rb6+ Kf5 46.Rxa6 Ra2 47.Rh6 Rxa5 48.Rxh5 Kg4
49.Rh1 Ra2 50.Rg1 Rb2 51.Ra1 Rg2 52.Ra5 Rxg3+ 53.Ke4 Rg1 54.Rxe5 Re1+ 55.Kd5 Rd1
56.d4 Kf4 57.Re8 g4 58.Rf8+ Ke3 59.Re8+ Kf3 60.Rf8+ Ke3 61.Re8+ Kf3 62.Rf8+ Ke3  1/2-1/2

[Event "XXVI Governors Cup"]
[Site "Legnica POL"]
[Date "2010.11.26"]
[Round "3"]
[White "Maksimenko,An"]
[Black "Bulski,K"]
[Result "1-0"]
[WhiteElo "2540"]
[BlackElo "2470"]

1.d4 d5 2.c4 c6 3.Nf3 Nf6 4.Nc3 dxc4 5.a4 Bf5 6.Ne5 Nbd7 7.Nxc4 Qc7 8.g3 e5
9.dxe5 Nxe5 10.Bf4 Nfd7 11.Bg2 f6 12.O-O Nc5 13.Ne3 Bg6 14.b4 Ne6 15.Qb3 Bf7
16.Qb1 Rd8 17.Rc1 Bg6 18.Qb2 Nxf4 19.gxf4 Nd7 20.Nb5 Qxf4 21.Nd5 Qe5 22.Ndc7+ Ke7
23.Rc3 Qf4 24.Rf3 Qg5 25.Rg3 Qf4 26.Rd1 a6 27.Re3+ Qxe3 28.fxe3 axb5 29.Qd4 Bf5
30.axb5 Rc8 31.Qf4 Ne5 32.Qxf5 Rxc7 33.b6 Rd7 34.Rxd7+ Nxd7 35.Qa5 g6 36.b5 Bh6
37.Qa3+ Ke6 38.bxc6 bxc6 39.Bxc6 Ne5 40.Qb3+ Ke7 41.Qb4+ Ke6 42.Qb3+ Ke7
43.Ba4 Rb8 44.Qb4+ Ke6 45.Bb3+ Kf5 46.Kf2 Ng4+ 47.Kg3 Ne5 48.Qd6 Re8 49.Bc2+ Kg5
50.Qd4 f5 51.Qh4+  1-0

[Event "TCh-SVK Extraliga 2010-11"]
[Site "Kosice SVK"]
[Date "2010.11.27"]
[Round "1"]
[White "Priehoda,V"]
[Black "Molnar,P SVK"]
[Result "1/2-1/2"]
[WhiteElo "2398"]
[BlackElo "2294"]

1.d4 d5 2.c4 c6 3.Nf3 Nf6 4.Nc3 dxc4 5.a4 Bf5 6.e3 e6 7.Bxc4 Bb4 8.O-O Nbd7
9.Qe2 O-O 10.Rd1 Ne4 11.Nxe4 Bxe4 12.Bd3 Nf6 13.Ne5 Qe7 14.Bxe4 Nxe4 15.f3 Nf6
16.Nd3 Bd6 17.e4 Nd7 18.f4 f5 19.e5 Bb8 20.a5 a6 21.Be3 Ba7 22.Kh1 Rfd8 23.g4 Qf7
24.Nc5 Nxc5 25.dxc5 Rd5 26.Rxd5 cxd5 27.g5 Rc8  1/2-1/2

[Event "XXIII Belgrade Trophy"]
[Site "Obrenovac SRB"]
[Date "2010.12.02"]
[Round "9.2"]
[White "Nikolov,Mo"]
[Black "Perunovic,Mil"]
[Result "1/2-1/2"]
[WhiteElo "2565"]
[BlackElo "2565"]

1.d4 d5 2.Nf3 Nf6 3.c4 c6 4.Nc3 dxc4 5.a4 Bf5 6.Ne5 Nbd7 7.Nxc4 Nb6 8.Ne5 a5
9.f3 Nfd7 10.Nxd7 Nxd7 11.e4 Bg6 12.Be2 e5 13.dxe5 Qb6 14.f4 f5 15.exf5  1/2-1/2

[Event "TCh-SWE Elitserien 2010-11"]
[Site "Sweden SWE"]
[Date "2010.12.04"]
[Round "5"]
[White "Vernersson,P"]
[Black "Aaberg,A"]
[Result "1/2-1/2"]
[WhiteElo "2372"]
[BlackElo "2395"]

1.d4 d5 2.c4 c6 3.Nc3 Nf6 4.Nf3 dxc4 5.a4 Bf5 6.Ne5 Nbd7 7.Nxc4 Nb6 8.Ne5 a5
9.f3 Nfd7 10.Nxd7 Bxd7 11.e4 e6 12.Be2 Bd6 13.O-O O-O 14.e5 Be7 15.Be3 Nd5
16.Nxd5 cxd5 17.Qb3 Bb4 18.Qd3 b5 19.axb5 Rb8 20.Rfc1 Bxb5 21.Qd1 Bxe2 22.Qxe2 Qb6  1/2-1/2

[Event "ch-RSSU"]
[Site "Moscow RUS"]
[Date "2010.12.06"]
[Round "6"]
[White "Sharafiev,A"]
[Black "Ponkratov,P"]
[Result "1/2-1/2"]
[WhiteElo "2455"]
[BlackElo "2585"]

1.d4 d5 2.c4 c6 3.Nf3 Nf6 4.Nc3 dxc4 5.a4 Bf5 6.Ne5 Nbd7 7.Nxc4 Qc7 8.g3 e5
9.dxe5 Nxe5 10.Bf4 Nfd7 11.Bg2 f6 12.O-O O-O-O 13.Nxe5 Nxe5 14.Qb3 Qf7 15.Qxf7 Nxf7
16.a5 a6 17.Na4 Bd6 18.e4 Be6 19.Bxd6 Nxd6 20.Nc5 Bf7 21.Rfd1 Kc7 22.Bh3 Rhe8
23.f3 Nb5 24.Kf2 Nd4 25.Ra3 Be6 26.Rad3 Bxh3 27.g4 b6 28.axb6+ Kxb6 29.Na4+ Ka5
30.Rxd4 Rxd4 31.Rxd4 Rb8 32.Kg3 Bf1 33.Kf2 Bh3 34.Kg3 Bf1 35.Kf2 Bh3  1/2-1/2

[Event "2nd Pilsen Open"]
[Site "Plzen CZE"]
[Date "2010.12.08"]
[Round "6"]
[White "Plischki,S"]
[Black "Stachanczyk,J"]
[Result "1/2-1/2"]
[WhiteElo "2360"]
[BlackElo "2293"]

1.d4 d5 2.c4 c6 3.Nf3 Nf6 4.Nc3 dxc4 5.a4 Bf5 6.e3 e6 7.Bxc4 Bb4 8.O-O O-O
9.Qe2 Nbd7 10.e4 Bg4 11.Rd1 Qe7 12.h3 Bh5 13.e5 Nd5 14.Nxd5 cxd5 15.Bd3 Rfc8
16.g4 Bg6 17.Bxg6 fxg6 18.Kg2 Nb8 19.Bg5 Qf7 20.Bd2 Nc6 21.Rdc1 Bxd2 22.Qxd2 Rf8
23.Ra3 h6 24.Rb3 Kh7 25.Kg3 Qd7 26.a5  1/2-1/2